LIBRARY & INFORMATION CENTRE, KCAET, TAVANUR

ONLINE PUBLIC ACCESS CATALOGUE (OPAC)

Manufacturing technology: Foundry, Forming and welding / (Record no. 12911)

MARC details
000 -LEADER
fixed length control field 00465cam a2200169ua 4500
020 ## - INTERNATIONAL STANDARD BOOK NUMBER
ISBN 0-07-4631802-3
041 ## - LANGUAGE CODE
Language code of text/sound track or separate title eng
082 ## - DEWEY DECIMAL CLASSIFICATION NUMBER
Classification number 670
Item number RAO/MA
100 ## - MAIN ENTRY--AUTHOR NAME
Personal name Rao, P.N .
245 ## - TITLE STATEMENT
Title Manufacturing technology: Foundry, Forming and welding /
250 ## - EDITION STATEMENT
Edition statement 2nd /
260 ## - PUBLICATION, DISTRIBUTION, ETC. (IMPRINT)
Place of publication NewDelhi :
Name of publisher Tata MacGraw Hill Publishing Company Limited ,
Year of publication 2006.
300 ## - PHYSICAL DESCRIPTION
Number of Pages 471 ; .
942 ## - ADDED ENTRY ELEMENTS (KOHA)
Koha item type Books
Holdings
Withdrawn status Lost status Damaged status Home library Current library Date acquired Full call number Accession Number Koha item type
      KAUAET KAUAET 07/04/2012 670 21150 Books
free website counter